Atomphysik und menschliche Erkenntnis.

Bibliographic Details
Main Author: Bohr, Niels, 1885-1962
Format: Book
Language:German
Published: Braunschweig : F. Vieweg, [1958]
Series:Die Wissenschaft; Sammlung von Einzeldarstellungen aus allen Gebieten der Naturwissenschaft, Bd. 112
Subjects:

MARC

Tag First Indicator Second Indicator Subfields
LEADER 00000cam a2200000 4500
001 in00000037049
005 20151007070402.0
008 800529s1958 gw a 00000 ger
010 |a  59053394  
035 |a (OCoLC)06371651 
035 |9 AAE3912AM 
040 |a DLC  |c TXA  |d UtOrBLW 
049 |a TXAM  |c [310669] 
050 0 |a QC6  |b .B59785 
092 |a 530.1  |b B677ato, 1958 
100 1 |a Bohr, Niels,  |d 1885-1962. 
245 1 0 |a Atomphysik und menschliche Erkenntnis. 
264 1 |a Braunschweig :  |b F. Vieweg,  |c [1958] 
300 |a 104 pages :  |b illustrations ;  |c 21 cm. 
336 |a text  |b txt  |2 rdacontent 
337 |a unmediated  |b n  |2 rdamedia 
338 |a volume  |b nc  |2 rdacarrier 
490 0 |a Die Wissenschaft; Sammlung von Einzeldarstellungen aus allen Gebieten der Naturwissenschaft, Bd. 112 
500 |a "Eine Fortsetzung fruherer Abhandlungen, die unter dem Titel 'Atomtheorie und Naturbeschreibung' im Verlag Jul. Springer, Berlin, 1931 erschienen sind." 
650 0 |a Physics  |x Philosophy. 
650 0 |a Nuclear physics. 
999 |a MARS 
999 f f |s fcb14a04-89fa-3c6a-8be8-da1df3d6314b  |i 74956e54-6c96-330d-966e-68c2464342d6  |t 0 
952 f f |p ric  |a Texas A&M University  |b Rellis Campus  |c Joint Library Facility  |d Remote Storage  |t 0  |e QC6 .B59785  |h Library of Congress classification  |i unmediated -- volume  |m A14800907712 
998 f f |a QC6 .B59785  |t 0  |l Remote Storage